| 000 | 00674nam a2200241 i 4500 | ||
|---|---|---|---|
| 001 | 10330 | ||
| 003 | ES-MaACL | ||
| 005 | 20231226200701.0 | ||
| 007 | t| | ||
| 008 | 950508s1980 sp ||||1| spa d | ||
| 020 | _a84-01-44239-7 | ||
| 080 | _a86-34"19" | ||
| 080 | _a86(Olmo,L.3.01) | ||
| 100 | 1 |
_aOlmo, Lauro, _d1922-1994 _986974 |
|
| 245 | 1 | 0 |
_aGolfos de bien / _cLauro Olmo. |
| 250 | _a[1ª ed.]. | ||
| 260 |
_aEsplugas de Llobregat, Barcelona : _bPlaza & Janés, _c1980. |
||
| 300 |
_a172 p. ; _c18 cm. |
||
| 490 | 1 |
_aRotativa ; _v232 |
|
| 830 | 0 |
_aRotativa ; _v232 _9179597 |
|
| 852 |
_aES-MaACL _jL-17731 _bR.123715 |
||
| 999 |
_c10330 _d10330 |
||